- Art brut
Entry Terme temàtic
001 - NÚMERO DE CONTROL
- campo de control: 168368
003 - IDENTIFICADOR DEL NÚMERO DE CONTROL
- campo de control: ES-BaIT
005 - FECHA Y HORA DE LA ÚLTIMA TRANSACCIÓN
- campo de control: 20260209092023.0
008 - DATOS DE LONGITUD FIJA
- campo de control de longitud fija: 260209|| aca||babn | a|a d
040 ## - FUENTE DE LA CATALOGACIÓN
- Centro catalogador/agencia de origen: ES-BaIT
080 ## - NÚMERO DE LA CLASIFICACIÓN DECIMAL UNIVERSAL
- Número de la Clasificación Decimal Universal: 7.036
- Identificador de la edición: 2004
150 ## - ENCABEZAMIENTO--TÉRMINO DE MATERIA
- Término de materia o nombre geográfico como elemento de entrada: Art brut
450 ## - TRAZADO DE VÉASE--TÉRMINO DE MATERIA
- Término de materia o nombre geográfico como elemento de entrada: Art psicòtic
450 ## - TRAZADO DE VÉASE--TÉRMINO DE MATERIA
- Término de materia o nombre geográfico como elemento de entrada: Outsider art
450 ## - TRAZADO DE VÉASE--TÉRMINO DE MATERIA
- Término de materia o nombre geográfico como elemento de entrada: Art outsider
550 ## - TRAZADO VÉASE ADEMÁS--TÉRMINO DE MATERIA
- Término de materia o nombre geográfico como elemento de entrada: Art naïf
550 ## - TRAZADO VÉASE ADEMÁS--TÉRMINO DE MATERIA
- Término de materia o nombre geográfico como elemento de entrada: Art
- Subcampo de control: g
670 ## - FUENTE DE DATOS ENCONTRADOS
- Cita de la fuente: RAMEAU
- Información encontrada: (enc.: Art brut)
670 ## - FUENTE DE DATOS ENCONTRADOS
- Cita de la fuente: GEC (hiperenciclopèdia)
- Información encontrada: (art brut: denominació que rebé la col·lecció organitzada el 1947 i exposada el 1967 al museu d'arts decoratives de París pel pintor Jean Dubuffet a base d'objectes trobats, creats o pintats per primitius, nens i dements, i que presentaven unes característiques d'immediatesa ingènua i de curiositat casual. Aquest nom és donat també, per extensió, a aquelles obres alliberades de la cultura ambiental)
670 ## - FUENTE DE DATOS ENCONTRADOS
- Cita de la fuente: LCSH
- Información encontrada: (enc.: Art brut; Outsider art)
680 ## - NOTA GENERAL PÚBLICA
- Texto explicativo: Useu-lo per a les obres que tracten dels artistes alliberats de qualsevol condicionament artístic


